000
00297nam a22001337a 4500
008
170227b xxu||||| |||| 00| 0 eng d
020
_a
9781572599314
041
_a
eng
080
_2
3 ED
_a
577
100
_a
5
101
_a
SHMB
245
_a
PRINCIPLES BIOCHEMISTRY
_c
NELSON.D.L
942
_2
udc
_c
BK
999
_c
6359
_d
6359